Squadra dell'anno UEFA 2001 - Statistics

Statistiche generali
  • Questo quiz è stato fatto 10 volte
  • Il punteggio medio è 6 su 11
Statistiche sulle risposte
Ruolo Nazione Squadra Giocatore % Corretto
Attaccante Francia Juventus David Trezeguet
89%
Centrocampista Francia Juventus / Real Madrid Zinédine Zidane
89%
Centrocampista Inghilterra Manchester Utd David Beckham
78%
Attaccante Francia Arsenal Thierry Henry
78%
Centrocampista Francia Arsenal Patrick Vieira
67%
Portiere Spagna Valencia Santiago Cañizares
56%
Difensore Francia Bayern Monaco Bixente Lizarazu
33%
Difensore Romania Alavés / Milan Cosmin Contra
33%
Difensore Finlandia Liverpool Sami Hyypiä
33%
Centrocampista Argentina Valencia Kily González
11%
Difensore Svezia Bayern Monaco / Barcellona Patrik Andersson
11%
Nessun quiz corrispondente trovato
Distribuzione punteggi
Percentuale di utenti per punteggio
Percentile per numero di risposta
I tuoi punteggi nel tempo
Non hai fatto questo quiz